|
|
|
|
| LEADER |
00000nam a2200000 a 4500 |
| 001 |
vtls001093651 |
| 003 |
SK-MaSNL |
| 005 |
20260301151315.0 |
| 008 |
250414s1984 xo 0 slo |
| 015 |
|
|
|a SNBA1985/03
|
| 035 |
|
|
|a SNK000036493
|
| 040 |
|
|
|a SNK
|b slo
|c SNK
|e AACR2
|
| 041 |
0 |
|
|a slo
|
| 044 |
|
|
|a xo
|c SK
|
| 080 |
|
|
|a 69:630(075.8)
|2 1981
|
| 080 |
|
|
|a 630(075.8)
|2 1981
|
| 100 |
1 |
|
|a Makovník, Štefan
|4 aut
|9 280002
|
| 245 |
1 |
0 |
|a Lesnícke stavby
|b Časť: Pozemné stavby
|c Štefan Makovník, Anna Fabianová
|
| 250 |
|
|
|a 1. vyd.
|
| 260 |
|
|
|a Zvolen
|b VŠLD
|c 1984
|e Zvolen
|f Edičné stredisko VŠLD
|
| 300 |
|
|
|a 163 s., 10,842 AH
|b Tb. Sch.
|c 29 cm
|
| 366 |
|
|
|e 100 výtl.
|
| 500 |
|
|
|a Lit. 25. Schválil rektor VŠLD vo Zvolene ako skriptá. 25 zázn. v slov., češ., nem. a franc.
|
| 700 |
1 |
|
|a Fabianová, Anna
|4 aut
|
| 852 |
|
|
|a Slovenská národná knižnica
|
| 954 |
|
|
|a stavby lesnícke
|
| 958 |
|
|
|a NB
|
| 958 |
|
|
|a RM
|
| 958 |
|
|
|a UV
|
| 958 |
|
|
|a OND
|
| 999 |
|
|
|c 786264
|d 788194
|
| 952 |
|
|
|t P60, <04>, [BOOK], {604}
|a SNK
|b SNK
|y VYP
|7 0
|p 17A0207261
|o snkSB 38625 D1
|0 0
|1 0
|4 0
|d 1999-08-27
|l 0
|r 2004-12-31 00:00:00
|w 2026-02-24
|
| 952 |
|
|
|a SNK
|b SNK
|y PREZ
|7 0
|p 17A0797636
|o snkSB 38625
|0 0
|1 0
|4 0
|d 2012-05-28
|f 1
|l 0
|r 2025-04-23 00:00:00
|w 2026-02-24
|